00905cam a22002771 4500001001300000003000400013005001700017008004100034010001700075025001900092040001800111043001200129050001900141110002700160245008500187260004600272300002400318350001100342500001700353500003900370500007400409650004800483650004000531710003900571999001700610sa 68006738 DLC20260227112518.0711108q19601968ii 000 0 eng  asa 68006738  aPL480:I-E-8557 aDLCcDLCdDLC aa-ii---00aHJ4387.T5bA531 aTigiria, India (State)10aCompletion report of survey and settlement of the Tigiria Feudatory State, 1913. a[Balugan, Puri,bBhagabati Press,c196-?] a19, [13] p.c25 cm. aRe0.33 aCover title. aAt head of title: Govt. of Orissa. a"Reprinted under the authority of Board of Revenue, Orissa, Cuttack." 0aLand value taxationzIndiazTigiria (State) 0aLand tenurezIndiazTigiria (State)1 aOrissa (India).bBoard of Revenue. c81492d81492